LIBRARY & INFORMATION CENTRE, KCAET, TAVANUR

ONLINE PUBLIC ACCESS CATALOGUE (OPAC)

Politics and culture in international history / (Record no. 2041)

MARC details
000 -LEADER
fixed length control field 00471cam a2200181ua 4500
041 ## - LANGUAGE CODE
Language code of text/sound track or separate title eng
082 ## - DEWEY DECIMAL CLASSIFICATION NUMBER
Classification number 320.09
Item number BOZ/PO
100 ## - MAIN ENTRY--AUTHOR NAME
Personal name Bozeman, Adda B .
245 ## - TITLE STATEMENT
Title Politics and culture in international history /
250 ## - EDITION STATEMENT
Edition statement 1 /
260 ## - PUBLICATION, DISTRIBUTION, ETC. (IMPRINT)
Place of publication New jersey :
Name of publisher Priceton University press ,
Year of publication 1960.
300 ## - PHYSICAL DESCRIPTION
Number of Pages 559 ; .
942 ## - ADDED ENTRY ELEMENTS (KOHA)
Koha item type Books
Holdings
Withdrawn status Lost status Damaged status Home library Current library Date acquired Cost, normal purchase price Full call number Accession Number Koha item type Public note
Withdrawn     KAUAET Sanskrit University 07/04/2012 80.00 320.09 6598 Books Transferred to Sanskrit University
free website counter